| 000 | 00476pab a2200169 454500 | ||
|---|---|---|---|
| 008 | 180718b2014 xxu||||| |||| 00| 0 eng d | ||
| 100 | _aZingel, Walfgang-Peter | ||
| 245 | _aThe economics of Pakistan-Afghanistan relations: Implications for the region | ||
| 260 | _c2014 | ||
| 300 | _ap.1-14. | ||
| 362 | _aMar | ||
| 650 | _aPakistan - Foreign relation - Afganistan | ||
| 650 | _aInternational relations | ||
| 773 | _aIndia Quarterly | ||
| 908 | _aN | ||
| 909 | _a104003 | ||
| 999 |
_c103999 _d103999 |
||